| 000 | 01100nam a22003017i 4500 | ||
|---|---|---|---|
| 003 | URS | ||
| 005 | 20230817125825.0 | ||
| 008 | 180427b xxu||||| |||| 00| 0 eng d | ||
| 040 |
_aDML _erda _cDML _dURS _beng |
||
| 041 | _aeng | ||
| 042 | _aDMLUC | ||
| 050 | 1 | 4 |
_aDS689.M2.M35 _bJ574 2002 |
| 100 | 1 |
_aJoaquin, Nick _d1917- _eauthor. |
|
| 245 | 1 | 0 |
_aPalacio de Malacañang / _cby Nick Joaquin. |
| 246 | 1 | _aSubtitle on added title page title: 200 years of a ruling house | |
| 264 | 1 |
_a[Manila] : _bSociety for the Preservation of Philippine Culture, _c[date of publication not identified]. |
|
| 264 | 4 | _c©2002. | |
| 300 |
_a367 pages : _billustrations ; _c29 cm. |
||
| 336 |
_2rdacontent _atext |
||
| 337 |
_2rdamedia _aunmediated |
||
| 338 |
_2rdacarrier _avolume |
||
| 500 | _aBookjacket half title: 200 years of a ruling house. | ||
| 610 | 2 | 0 |
_91093 _aMalacañan Palace (Manila, Philippines) |
| 691 | 4 |
_aMalacanang Palace _xHistory. |
|
| 710 | 2 | _aSociety for the Preservation of Philippine Culture, Inc. | |
| 740 | _aPalacio de Malacanang : 200 years of a ruling house. | ||
| 942 |
_2lcc _cF |
||
| 999 |
_c72357 _d72356 |
||